000 00736nam a2200313Ia 4500
003 GCL
008 140319s9999 xx 000 0 eng d
040 _aGCL /
_cGCL
082 0 4 _a962
_bW E
100 1 _aWILLIAMS, VERONICA S.
245 1 0 _aEGYPT: BLUE GUIDE /
_cWILLIAMS, VERONICA S.
700 1 _aSTOCKS, PETER
260 _a[S.N] :
_bA AND C BLACK LIMITED ،
_c1993
300 _a762 P
650 0 4 _aLUXOR
650 0 4 _aMUSEUMS
650 0 4 _aISLAM - ARCHAEOLOGY
650 0 4 _aEGYPT
650 0 4 _aANCIENT EGYPT
650 0 4 _aCAIRO
650 0 4 _aASWAN
650 0 4 _aALEXANDRIA
650 0 4 _aSINAI
650 0 4 _aMODERN EGYPT
650 0 4 _aTEMPLES
650 0 4 _aPYRAMIDS
650 0 4 _aOASES
942 _2ddc
_cBK
999 _c11626
_d11626